Catalog

Record Details

Catalog Search



Reimagining School Readiness Kit 7 : STEM: Shapes (1206.8G0  Cover Image Kit Kit

Reimagining School Readiness Kit 7 : STEM: Shapes (1206.8G0 / Provided by the Alabama Public Library Service; books authored by Ellen Walsh and Anne Miranda; primary shape set by Learning Resources; Tangram puzzle by Conikus.

Walsh, Ellen (Author.). Miranda, Anne (Author.). Alabama Public Library Service. (Added Author). Learning Resources (Firm) (Added Author). Conikus. (Added Author).

Record details

  • Physical Description: 1 kit in a locking plastic container Locking plastic container holds two books, one deck of cards, and an activity sheet. Mouse Shapes by Ellen Walsh (Book) Tangled by Anne Miranda (Book) Tangram Puzzle, Primary Shapes Template Set Shapes-activity sheet

Content descriptions

Formatted Contents Note:
Mouse Shapes by Ellen Walsh -- Tangled by Anne Miranda -- Tangram Puzzle -- Primary shapes templates -- Shapes activity sheet.
Subject: Science > Kits.
Technology > Kits.
Engineering > Kits.
Mathematics > Kits.
Shapes > Kits.
Genre: Realia
Stem

Available copies

  • 1 of 1 copy available at scottsboropl.

Holds

  • 0 current holds with 1 total copy.
Show Only Available Copies
Location Call Number / Copy Notes Barcode Shelving Location Status Due Date
scottsboropl RSR Kit 7- Stem-Shapes 32269001225708 STEM - Storage Available -

LDR 01983comaa2200469Mi 4500
001159294
003SBPL
00520221013164525.0
008220428s2022 xx nnn j bneng d
035 . ‡a(OCoLC)1322481620
08214. ‡a Kit 7
24500. ‡aReimagining School Readiness Kit 7 : ‡bSTEM: Shapes (1206.8G0 / ‡cProvided by the Alabama Public Library Service; books authored by Ellen Walsh and Anne Miranda; primary shape set by Learning Resources; Tangram puzzle by Conikus.
2460 . ‡aRSR ‡bStem-Shapes
2460 . ‡aReimagining school readiness ‡bKit 7
300 . ‡b1 kit in a locking plastic container
300 . ‡aLocking plastic container holds two books, one deck of cards, and an activity sheet.
3000 . ‡aMouse Shapes by Ellen Walsh (Book)
3000 . ‡aTangled by Anne Miranda (Book)
3000 . ‡aTangram Puzzle,
3000 . ‡aPrimary Shapes Template Set
3000 . ‡aShapes-activity sheet
336 . ‡aother ‡bxxx ‡2rdacontent
337 . ‡aother ‡bx ‡2rdamedia
338 . ‡aunspecified ‡bzu ‡2rdacarrier
380 . ‡aKit ‡2marcgt
380 . ‡aKit ‡2tlcgt
385 . ‡aJuvenile
5050 . ‡aMouse Shapes by Ellen Walsh -- Tangled by Anne Miranda -- Tangram Puzzle -- Primary shapes templates -- Shapes activity sheet.
650 0. ‡aScience ‡vKits. ‡0(DLC)sh 85118553
650 0. ‡aTechnology ‡vKits. ‡0(DLC)sh 85133147
650 0. ‡aEngineering ‡vKits. ‡0(DLC)sh 85043176
650 0. ‡aMathematics ‡vKits. ‡0(DLC)sh 85082139
650 0. ‡aShapes ‡vKits. ‡0(DLC)sh2002009920
6550 . ‡aRealia
6550 . ‡aStem
7001 . ‡aWalsh, Ellen ‡eAuthor. ‡0(DLC)no2009042809
7001 . ‡aMiranda, Anne ‡eAuthor. ‡0(DLC)n 88005636
7102 . ‡aAlabama Public Library Service. ‡0(DLC)n 50073822
7102 . ‡aLearning Resources (Firm) ‡0(DLC)no 00095361
7102 . ‡aConikus. ‡0(local)tlcaut497049439881300
830 0. ‡aRSR Kit, ‡v7. ‡0(local)tlcaut476575006422900
901 . ‡a159294 ‡b ‡c159294 ‡tbiblio

Additional Resources